Современный русский литературный язык: учебник для вузов

Библиографические подробности
Другие авторы: Костомаров В. Г. (редактор), Максимов В. И.
Примечания:В учебнике излагается систематический курс современного русского литературного языка. Авторы — известные ученые — представляют разные лингвистические школы — московскую и петербургскую.Теоретические положения сопровождаются сведениями, связанными с их реализацией на практике, и подкрепляются иллюстративным материалом. Издание включает ряд тем, ранее в учебниках вообще не затрагивавшихся (например, «Функциональная грамматика», «Активные процессы в современном русском языке»).
Язык:русский
Опубликовано: Москва, Юрайт, 2010
Издание:2-е изд., перераб. и доп.
Серии:Университеты России
Предметы:
Формат: Книга
Запись в KOHA:https://koha.lib.tpu.ru/cgi-bin/koha/opac-detail.pl?biblionumber=185277

MARC

LEADER 00000nam0a2200000 4500
001 185277
005 20231101223916.0
010 |a 9785991607759 
035 |a (RuTPU)RU\TPU\book\200960 
090 |a 185277 
100 |a 20101006d2010 m y0rusy50 ca 
101 0 |a rus 
102 |a RU 
105 |a y j 001zy 
200 1 |a Современный русский литературный язык  |e учебник для вузов  |f под ред. В. Г. Костомарова, В. И. Максимова 
205 |a 2-е изд., перераб. и доп. 
210 |a Москва  |c Юрайт  |d 2010 
215 |a 916 с. 
225 1 |a Университеты России 
320 |a Библиогр.: с. 908-916. 
330 |a В учебнике излагается систематический курс современного русского литературного языка. Авторы — известные ученые — представляют разные лингвистические школы — московскую и петербургскую.Теоретические положения сопровождаются сведениями, связанными с их реализацией на практике, и подкрепляются иллюстративным материалом. Издание включает ряд тем, ранее в учебниках вообще не затрагивавшихся (например, «Функциональная грамматика», «Активные процессы в современном русском языке»). 
606 1 |a Русский язык  |x Учебные руководства и пособия для высшей школы  |2 stltpush  |3 (RuTPU)RU\TPU\subj\26398  |9 50338 
610 1 |a литературный язык 
610 1 |a фонетика 
610 1 |a фонология 
610 1 |a фонемы 
610 1 |a ударение 
610 1 |a интонация 
610 1 |a графика 
610 1 |a орфография 
610 1 |a лексика 
610 1 |a стилистика 
610 1 |a фразеология 
610 1 |a лексикография 
610 1 |a толковые словари 
610 1 |a морфемика 
610 1 |a словообразование 
610 1 |a морфология 
610 1 |a части речи 
610 1 |a грамматика 
610 1 |a предложение 
610 1 |a пунктуация 
610 1 |a изменения 
610 1 |a учебники 
686 |a Ш141.2-923  |v LBC/SL-A  |2 rubbk 
702 1 |a Костомаров  |b В. Г.  |4 340 
702 1 |a Максимов  |b В. И.  |4 340 
801 1 |a RU  |b 63413507  |c 20101006 
801 2 |a RU  |b 63413507  |c 20151013  |g RCR 
942 |c BK 
959 |a 69/20101006  |d 2  |e 399,00  |f АНЛ:1  |f ЧЗИЛ:1